000 00758nab a2200229u 4500
001 13494
003 HDC
007 c| |||a|c|aaaa
008 210212b99999999ja ||||o |||| 00| 0 eng d
040 _aHDC
245 0 _aJapanese wholesaler to team with Malaysian partner on halal imports
336 _atext
_2rdacontent
337 _acomputer
_2rdamedia
338 _aonline resource
_2rdacarrier
650 _aDewina Food Industries
_914289
650 _aimport halal food
_914288
710 _aNikkei Asian Review
856 _zRequest full-text at [email protected]
942 _2lcc
942 _cNEWS
942 _kNWS0 003442
999 _c10810
_d10810